书目信息 |
| 题名: |
代数
|
|
| 作者: | ;人民教育出版社中学数学室 编 | |
| 分册: | 上册 | |
| 出版信息: | 郑州 人民教育出版社 1995.10 |
|
| 页数: | 302页 | |
| 开本: | 20cm | |
| 丛书名: | ||
| 单 册: | ||
| 中图分类: | O633.62 | |
| 科图分类: | ||
| 主题词: | 高分子化学 , 高聚物 | |
| 电子资源: | ||
| ISBN: | 7-107-00966-4 | |
| 000 | 00644nam0 2200205 450 | |
| 001 | 0838940205 | |
| 005 | 20080401105140.60 | |
| 010 | @a7-107-00966-4@dCNY4.26 | |
| 100 | @a20080401d1995 km y0chiy0120 ea | |
| 101 | 0 | @achi |
| 102 | @aCN@b410000 | |
| 200 | 1 | @a代数@Adai shu@h上册@f人民教育出版社中学数学室编@Fren min jiao yu chu ban she zhong xue shu xue shi bian |
| 210 | @a郑州@c人民教育出版社@d1995.10 | |
| 215 | @a302页@d20cm | |
| 606 | 0 | @a高分子化学 |
| 606 | 0 | @a高聚物 |
| 690 | @aO633.62@v4 | |
| 711 | 02 | @a人民教育出版社中学数学室@Aren min jiao yu chu ban she zhong xue shu xue shi@4编 |
| 801 | 0 | @aCN@c20080401 |
| 905 | @dO633.62@eR270 | |
| 代数.上册/人民教育出版社中学数学室编.-郑州:人民教育出版社,1995.10 |
| 302页;20cm |
| ISBN 7-107-00966-4:CNY4.26 |
| ● |
| 相关链接 |
|
|
|
正题名:代数
索取号:O633.62/R270
 
预约/预借
| 序号 | 登录号 | 条形码 | 馆藏地/架位号 | 状态 | 备注 |
| 1 | 451036 | 204510369 | 自科二线504/504自科库 25排1列4层/ [索取号:O633.62/R270] | 在馆 |